Normal view
MARC view
- تأليف أبو الشعر،عقيل ؛ ترجمة وتحقيق وائل غصاب ربضي ؛ قراءة وتقديم هند أبو الشعر
Entry Personal Name
001 - CONTROL NUMBER
- control field: 48376
003 - CONTROL NUMBER IDENTIFIER
- control field: JO-AjAnu
005 - DATE AND TIME OF LATEST TRANSACTION
- control field: 20230606081959.0
008 - FIXED-LENGTH DATA ELEMENTS
- fixed length control field: 230606|| aca||aabn | a|a d
040 ## - CATALOGING SOURCE
- Original cataloging agency: JO-AjAnu
- Transcribing agency: JO-AjAnu
100 ## - HEADING--PERSONAL NAME
- Personal name: تأليف أبو الشعر،عقيل ؛ ترجمة وتحقيق وائل غصاب ربضي ؛ قراءة وتقديم هند أبو الشعر
670 ## - SOURCE DATA FOUND
- Source citation: Work cat.: (JO-AjAnu)24749: تأليف أبو الشعر،عقيل ؛ ترجمة وتحقيق وائل غصاب ربضي ؛ قراءة وتقديم هند أبو الشعر, author, الإنتقام: رواية عن يوميات مهاجر فرنسي إلى الدومنيكان